Composite Answers (2-letter version) - Statistics

General Stats
  • This quiz has been taken 256 times
  • The average score is 5 of 10
Answer Stats
Hint Answer % Correct
1. A very large town2. It connects the head to the rest of the body 3. Software designed to damage computers Cinema
78%
1. Australian marsupial feeding on eucalyptus leaves2. Plato's teacher 3. The spirit used in the Screwdriver cocktail Kosovo
71%
1. The currency in Türkiye2. One thousand million 3. A sociable and intelligent aquatic mammal Libido
68%
1. The capital of Egypt2. It is made of coral 3. Delete, cancel Career
56%
1. The written text of a film2. Achilles' vulnerable spot 3. Shooting star Scheme
51%
1. Not awake2. Sweetener for food or drinks 3. The capital city of the Canadian province of Saskatchewan Assure
49%
1. A particular stipulation in a contract2. A plant that does not lose its leaves in winter 3. An explosion of steam and lava from a volcano Clever
42%
1. Pete Mitchell's nickname in the Top Gun movies2. A male duck 3. A stupid person Madrid
34%
1. Tiredness due to exertion2. A tale told for entertainment 3. Foe, rival Fasten
29%
1. Fish prized for its pink flesh2. Moderately warm, tepid 3. Extremely boring Salute
22%
No matching quizzes found
Score Distribution
Percent of People with Each Score
Percentile by Number Answered
Your Score History
You have not taken this quiz